| 000 | 00420nam a2200145Ia 4500 | ||
|---|---|---|---|
| 008 | 231129s1981||||xx |||||||||||||| ||spa|| | ||
| 020 | _a84-226-1235-6 | ||
| 040 | _bspa | ||
| 082 | _a922.97 A973n | ||
| 100 | _aNubbaumer Heinz | ||
| 245 | 0 | _aJomeini: Revolucionario en nombre de Alá | |
| 260 | _c1981 | ||
| 264 | _aBogotá Colombia : Círculo de Lectores | ||
| 942 |
_2ddc _cBKS |
||
| 999 |
_c16122 _d16122 |
||